| 000 | 00370nam a2200157Ia 4500 | ||
|---|---|---|---|
| 005 | 20140402152726.0 | ||
| 008 | 140130s9999 xx 000 0 und d | ||
| 050 |
_aPZ 7 _b.K8369No 2005 |
||
| 245 |
_cKorman, Gordon _aNow you see them |
||
| 260 | _bScholastic, | ||
| 300 |
_a146 p. : _c21 cm. |
||
| 521 | _aG5 | ||
| 526 | _c740 | ||
| 942 |
_cBK _2lcc |
||
| 999 |
_c41073 _d41073 |
||